000 00649nam a2200193Ii 4500
003 JO-AjNU
008 230605s9999||||xx |||||||||||||| ||und||
040 _aJO-AjNU
_bara
_erda
_cJO-AjNU
041 _aara
050 1 4 _aHB139.J822.1983
100 3 _aعبد الخالق، جودة,
_eauthor
_937450
245 0 0 _aالقياس الاقتصادي المبادىء واهم المشاكل
264 3 1 _aالقاهرة:دار النهضة العربية،1983
300 _a220ص
336 _atext
_btxt
_2rdacontent
337 _aunmediated
_bn
_2rdamedia
338 _avolume
_bnc
_2rdacarrier
650 4 _aالاقتصاد القياسي
_937451
999 _aA15648
_c19216
_d19216